Simply AI (Record no. 4638)

MARC details
000 -CABECERA
campo de control de longitud fija 01084nam a22002177a 4500
008 - DATOS DE LONGITUD FIJA--INFORMACIÓN GENERAL
campo de control de longitud fija 250408b |||||||| |||| 00| 0 eng d
020 ## - NÚMERO INTERNACIONAL ESTÁNDAR DEL LIBRO
Número Internacional Estándar del Libro 9780241694176
040 ## - FUENTE DE LA CATALOGACIÓN
Centro/agencia transcriptor tbs
041 ## - CÓDIGO DE LENGUA
Código de lengua del texto/banda sonora o título independiente eng
050 ## - SIGNATURA TOPOGRÁFICA DE LA BIBLIOTECA DEL CONGRESO
Número de clasificación Q335
Número de documento/Ítem .S56 2024
245 ## - MENCIÓN DE TÍTULO
Título Simply AI
Resto del título : facts made fast
Mención de responsabilidad, etc. / contributor, Dr. Claire Quigley
250 ## - MENCIÓN DE EDICIÓN
Mención de edición Second edition.
Resto de la mención de edición American edition.
260 ## - PUBLICACIÓN, DISTRIBUCIÓN, ETC.
Lugar de publicación, distribución, etc. New York, NY
Nombre del editor, distribuidor, etc. : DK Publishing, a division of Penguin Random House LLC,
Fecha de publicación, distribución, etc. 2024.
300 ## - DESCRIPCIÓN FÍSICA
Extensión 160 pages :
Otras características físicas color illustrations ;
Dimensiones 22 cm.
490 ## - MENCIÓN DE SERIE
Mención de serie Simply
520 ## - SUMARIO, ETC.
Sumario, etc. Covering a broad range of fields within AI - from computing and mathematics to politics and philosophy - entries demystify what artificial intelligence is and how it works, how it has dramatically changed how we live, and how it might evolve in the future. Everyone is talking about AI, but this book helps to explain each individual aspect of AI more clearly than ever before.
650 #0 - PUNTO DE ACCESO ADICIONAL DE MATERIA--TÉRMINO DE MATERIA
Término de materia o nombre geográfico como elemento de entrada Artificial Intelligence
9 (RLIN) 14147
650 #0 - PUNTO DE ACCESO ADICIONAL DE MATERIA--TÉRMINO DE MATERIA
Término de materia o nombre geográfico como elemento de entrada Computational intelligence
9 (RLIN) 25147
700 ## - ENTRADA AGREGADA--NOMBRE PERSONAL
Nombre de persona Quigley, Claire
Títulos y otros términos asociados al nombre PhD
9 (RLIN) 25148
Término indicativo de función/relación contributor
942 ## - ELEMENTOS DE ENTRADA AGREGADA (KOHA)
Fuente del sistema de clasificación o colocación Clasificación de Library of Congress
Holdings
Estado de retiro Estado de pérdida Fuente del sistema de clasificación o colocación Estado dañado No para préstamo Biblioteca de origen Biblioteca actual Fecha de adquisición Total de préstamos Signatura topográfica completa Código de barras Fecha visto por última vez Número de copia Precio válido a partir de Tipo de ítem Koha
    Clasificación de Library of Congress     TBS Barcelona TBS Barcelona 08/04/2025   Q335 QUI B05893 08/04/2025 1 08/04/2025 Book

Powered by Koha